| 000 | 01069nam a2200217 i 4500 | ||
|---|---|---|---|
| 001 | bg | ||
| 245 | 0 | 0 |
_aWłaściwości wytrzymałościowe i odkształceniowe skał. _nCz.1. _nT.2, _pSkały osadowe regionu świętokrzyskiego - objaśnienia i interpretacja / _coprac. i red. nauk. Joanna Pinińska ; Zakład Geomechaniki. Instytut Hydrogeologii i Geologii Inżynierskiej. Wydział Geologii Uniwersytetu Warszawskiego. |
| 260 |
_aWarszawa : _bWydział Geologii Uniwersytetu Warszawskiego, _c1995. |
||
| 300 |
_a170, [1] s. [4]s. fot. kolr., [7] k.tabl. złoż. : _bwykr. ; _c24 cm. |
||
| 504 | _aBibliogr. s.164-168. | ||
| 650 | 9 |
_aSkały osadowe _xgeologia _zPolska |
|
| 650 | 9 |
_aSkały osadowe _xmechanika _xbadanie _xmetody |
|
| 650 | 9 |
_aNaprężenia i odkształcenia _xbadanie _xmetody |
|
| 700 | 1 |
_aPINIŃSKA, Joanna. _eop *nu |
|
| 040 | _cBPK | ||
| 041 | _apol | ||
| 080 | _a552.5:539.3/.6](438) | ||
| 942 | _cKS | ||
| 008 | s pl f |000 0 pol | ||
| 856 |
_uhttp://koha.tu.koszalin.pl/cgi-bin/koha/opac-detail.pl?biblionumber=30840 _yKatalog online BPK |
||
| 999 |
_c30840 _d30840 |
||